| 000 | 00876nam a2200337 a 4500 | ||
|---|---|---|---|
| 003 | AR-BaBNM | ||
| 005 | 20251128205725.0 | ||
| 008 | 082120s2002 ||||||||||||||000 | spa|| | ||
| 020 | _a84-7738-067-8 | ||
| 040 | _cAR-BaBNM | ||
| 100 | 1 | _aAlsina Catalá, Claudi | |
| 245 | 0 | 0 | _aSimetría dinámica |
| 250 | _a1ª ed. | ||
| 260 |
_aMadrid _bSíntesis _c1989 |
||
| 300 |
_a143 p. _bil. |
||
| 490 | 0 |
_aMatemáticas: cultura y aprendizaje _vv. 13 |
|
| 504 | _aBibliografía p. 141-143 | ||
| 650 | 4 | _aMATEMATICA | |
| 650 | 4 | _aENSEÑANZA DE LAS MATEMATICAS | |
| 650 | 4 | _aGEOMETRIA | |
| 650 | 4 | _aMOSAICOS | |
| 650 | 4 | _aTOPOLOGIA | |
| 650 | 4 | _aACTIVIDADES DE APRENDIZAJE | |
| 650 | 4 | _aGUIA DEL DOCENTE | |
| 653 | _aSIMETRIA | ||
| 653 | _aPOLIEDROS | ||
| 700 | 1 | _aPérez Gómez, Rafael | |
| 700 | 1 | _aRuiz Garrido, Ceferino | |
| 942 | _cBK | ||
| 998 | _cCARMEN | ||
| 999 |
_c12560 _d12560 |
||